| 000 | 00985nam a2200241 a 4500 | ||
|---|---|---|---|
| 001 | 000045578 | ||
| 005 | 20201002052327.0 | ||
| 008 | 150415s1989 dr a 000 0 spa d | ||
| 040 |
_aDO-SdBNP _bspa _cBNPHU |
||
| 082 |
_axxxx _bxxxx |
||
| 100 | 1 |
_aBetánces de Holguín, Nelly _973642 |
|
| 245 | 1 | 0 |
_aPrincipios de bioseguridad en laboratorios de salud / _cNelly Betánces de Holguín, Griselda Andújar de Báez, Odette García-Peguero. |
| 260 |
_aSanto Domingo : _bUniversitaria UASD, _c1989. |
||
| 300 | _a77 P. | ||
| 490 | 1 |
_aNormatización y Salud _v2 |
|
| 490 | 1 |
_aPublicaciones de la Universidad Autónoma de Santo Domingo _v612 |
|
| 500 | _aPerteneció a la biblioteca personal de Erick Landestoy. | ||
| 504 | _aBibliografía : p. 77 | ||
| 700 | 1 | 2 |
_aAndújar de Báez, Griselda _931609 |
| 700 | 1 | 2 |
_aGarcía Peguero, Blanca Odette _955987 |
| 830 | 0 |
_aPublicaciones de la Universidad Autónoma de Santo Domingo. _n612 _973643 |
|
| 830 | 0 |
_aNormatización y Salud. _n2 _973644 |
|
| 999 |
_c45067 _d45067 |
||